000 00923nam a2200229 i 4500
001 186344
003 ES-MaACL
005 20250920063115.0
007 t|
008 161026s1928 sp a |||| | cat d
080 _a821.134.2(72)-34"18"
100 1 _aNervo, Amado,
_d1870-1919
_985404
245 1 0 _aCuentos misteriosos /
_cAmado Nervo ; [texto al cuidado de Alfonso Reyes ; ilustraciones de Marco].
260 _aMadrid :
_bBiblioteca Nueva,
_cimp. 1928.
300 _a202 p. :
_bil. ;
_c19 cm.
490 1 _aObras completas de Amado Nervo ;
_v20
700 1 _aReyes, Alfonso,
_d1889-1959
_996554
700 1 _aMarco, Fernando.
_976462
830 0 _aObras completas de Amado Nervo ;
_v20
_9181423
852 _aES-MaACL
_jA-5050
_z- Enc. tela roja Calleja
_z. - Donat. de la Junta de Intercambio y Adquisición de Libros para Bibliotecas Públicas
_t- Ejemp. numerado n. 01925
999 _c186344
_d186344